Catálogo
 En Linea

Libros y libertad / (Registro nro. 15401)

Detalles MARC
000 -CABECERA
campo de control de longitud fija 00699cam a2200193 a 4500
001 - NÚMERO DE CONTROL
campo de control 000015858
005 - FECHA Y HORA DE LA ÚLTIMA TRANSACCIÓN
campo de control 20200929164159.0
008 - DATOS DE LONGITUD FIJA--INFORMACIÓN GENERAL
campo de control de longitud fija 750320s1974 ve a 000 0 spa
040 ## - FUENTE DE LA CATALOGACIÓN
Centro catalogador/agencia de origen DO-SdBNP
Lengua de catalogación spa
Centro/agencia transcriptor DLC
Centro/agencia modificador BNPHU
082 ## - NÚMERO DE LA CLASIFICACIÓN DECIMAL DEWEY
Número de clasificación nnn
Número de documento/Ítem G767L
049 ## - FONDOS LOCALES (OCLC)
Fondos de biblioteca BNGR
100 1# - ENTRADA PRINCIPAL--NOMBRE DE PERSONA
Nombre de persona Grases, Pedro,
Fechas asociadas al nombre 1909-2004
9 (RLIN) 23306
245 10 - MENCIÓN DE TÍTULO
Título Libros y libertad /
Mención de responsabilidad, etc. Pedro Grases.
260 ## - PUBLICACIÓN, DISTRIBUCIÓN, ETC.
Lugar de publicación, distribución, etc. Caracas, Venezuela :
Nombre del editor, distribuidor, etc. Ediciones De La Presidencia de la República,
Fecha de publicación, distribución, etc. 1974.
300 ## - DESCRIPCIÓN FÍSICA
Extensión xix, 263 p. :
Otras características físicas facsims. ;
Dimensiones 22 cm.
504 ## - NOTA DE BIBLIOGRAFÍA, ETC.
Nota de bibliografía, etc. Incluye referencias bibliográficas (p. 56).
651 #4 - PUNTO DE ACCESO ADICIONAL DE MATERIA--NOMBRE GEOGRÁFICO
Nombre geográfico Venezuela
Subdivisión general Historia
Subdivisión cronológica GUERRA DE INDEPENDENCIA, 1810-1823
Subdivisión general Sources
Subdivisión de forma Bibliography.
9 (RLIN) 35693
910 ## - DATOS DE OPCIÓN DEL USUARIO (OCLC)
Datos de opción del usuario Catalogación por copia / LC
Existencias
Estado de retiro Estado de pérdida Restricciones de uso No para préstamo Código de colección Localización permanente Ubicación/localización actual Ubicación en estantería Fecha de adquisición Número de inventario Total de préstamos Signatura topográfica completa Código de barras Fecha visto por última vez Precio válido a partir de Tipo de ítem Koha
    Préstamo interno   Monografías: Libros y Folletos General General En catalogación 19.02.2010 LF1   nnn G767L 15858-10 25.06.2020 25.06.2020 Préstamo interno

Con tecnología Koha